banner-ar

مختارات شهية من المطبخ المكسيكى / (Record no. 44022)

MARC details
000 -الفاتح
حقل البيانات ثابتة الطول 00641nam a2200205Ia 4500
008 - عناصر البيانات ثابتة الطول - معلومات عامة
حقل البيانات ثابتة الطول 140319s9999 xx 000 0 ara d
040 ## - مصدر الفهرسة
وكالة الفهرسة الأصلية GCL /
وكالة النسخ GCL
082 04 - رقم تصنيف ديوى العشرى
رقم التصنيف 641.8
رقم المادة و م
100 1# - المدخل الرئيسى - إسم شخصى
الإسم الشخصى وفاء حمود
245 10 - بيان العنوان
العنوان مختارات شهية من المطبخ المكسيكى /
بيان المسئوليه,etc وفاء حمود
700 1# - المدخل الاضافى - اسم شخصى
الإسم الشخصى فاطمة المغربى
700 1# - المدخل الاضافى - اسم شخصى
الإسم الشخصى نهدية الزيباوى
300 ## - الوصف المادى
التعداد 225 ص
490 ## - بيان السلسلة
عنوان السلسلة سلاسل سوفنير
رقم المجلد/ التعيين التسلسلي 0
650 04 - المدخل الاضافى بالموضوع-مصطلح موضوعى
مصطلح موضوعي الاقتصاد المنزلى
650 04 - المدخل الاضافى بالموضوع-مصطلح موضوعى
مصطلح موضوعي الطهى - الاقتصاد المنزلى
650 04 - المدخل الاضافى بالموضوع-مصطلح موضوعى
مصطلح موضوعي الطهى المكسيكى
942 ## - عناصر المدخل الإضافي( كوها)
مصدر التصنيف او مخطط الترفيف Dewey Decimal Classification
Koha [default] item type كتاب
Holdings
حالة التراجع حالة الفقد حالة تلف ليس للاعارة المكان المؤقت الموقع الحالى تاريخ الاكتساب اجمالي اﻻعارات رقم الطلب الباركود تاريخ اخر مشاهدة تاريخ تفعيل السعر نوع وعاء كوها
        مكتبة القاهرة الكبرى مكتبة القاهرة الكبرى 03/26/2014   641.8\و م 106811 03/26/2014 03/26/2014 كتاب

Powered By

EGPV